000 00852nas a2200277 4500
001 BR0402383
003 BR-BrBNA
005 20231205104531.0
007 ta
008 230509b bl.|||p| |||| 00| 00por d
040 _aBR-BrBNA
_bpor
_cBiblioteca Nacional de Agricultura
041 _a(Pt)
072 _aQ03; S30
100 1 _aSilva, C. da
100 1 _aGermano, M.I.S.
100 1 _aGermano, P.M.L.
245 1 _aConhecimentos dos manipuladores de merenda escolar em escolas da rede estadual de ensino de São Paulo, SP
650 _aALIMENTO
650 _aESCOLA
650 _aHIGIENE DE ALIMENTO
650 _aTRANSMISSÃO DE DOENÇA
650 _aSÃO PAULO
773 0 _tHigiene Alimentar (Brazil)
_xISSN 0101-9171
_g(Oct 2003), v. 17(113) p. 46-51
_wBR0402383
909 _a202311
_bLúcia
_c55
_dLúcia Elande
942 _2AGRIS
_n0
_cANA
999 _c178582
_d178582